000 00412nam a2200157Ia 4500
008 240729s9999 xx 000 0 und d
022 _a2029-283X
245 0 _aeJournal of Oral Maxillofacial Research
260 _aLithuania
260 _bStilus Optimus
650 _a Dentistry
650 _aMedicine
856 _uhttps://doaj.org/toc/ba65a7c71cbb42a09c1df25f3fb1b6bd
942 _2ddc
942 _cDOAJEJ
999 _c66196
_d66196
945 _a1
_bMadushi Gamage
_c1
_dMadushi Gamage